000 00320nam a22001337a 4500
020 _a0767420330
082 _222
_a160
100 _aLoyman, C Stephen.
245 _aThe power of logic /
250 _a2nd ed.
260 _aNew York,
_bMcGraw Hill,
_cc2002.
300 _aix, 592p. ;
_bill. ;
_c24 cm.
942 _2ddc
_cGEN
_01
999 _c2662
_d2662